<?xml version="1.0" encoding="UTF-8"?><?xml-stylesheet type="text/xsl" href="static/style.xsl"?><OAI-PMH xmlns="http://www.openarchives.org/OAI/2.0/" xmlns:xsi="http://www.w3.org/2001/XMLSchema-instance" xsi:schemaLocation="http://www.openarchives.org/OAI/2.0/ http://www.openarchives.org/OAI/2.0/OAI-PMH.xsd"><responseDate>2026-04-13T15:07:51Z</responseDate><request verb="GetRecord" identifier="oai:www.recercat.cat:2445/225060" metadataPrefix="marc">https://recercat.cat/oai/request</request><GetRecord><record><header><identifier>oai:recercat.cat:2445/225060</identifier><datestamp>2026-04-08T14:13:59Z</datestamp><setSpec>com_2072_1057</setSpec><setSpec>col_2072_478854</setSpec><setSpec>col_2072_478917</setSpec></header><metadata><record xmlns="http://www.loc.gov/MARC21/slim" xmlns:dcterms="http://purl.org/dc/terms/" xmlns:xsi="http://www.w3.org/2001/XMLSchema-instance" xmlns:doc="http://www.lyncode.com/xoai" xsi:schemaLocation="http://www.loc.gov/MARC21/slim http://www.loc.gov/standards/marcxml/schema/MARC21slim.xsd">
   <leader>00925njm 22002777a 4500</leader>
   <datafield ind2=" " ind1=" " tag="042">
      <subfield code="a">dc</subfield>
   </datafield>
   <datafield ind2=" " ind1=" " tag="720">
      <subfield code="a">Vidal Franquet, Jacobo</subfield>
      <subfield code="e">author</subfield>
   </datafield>
   <datafield ind2=" " ind1=" " tag="260">
      <subfield code="c">2025-12-19T13:48:11Z</subfield>
   </datafield>
   <datafield ind2=" " ind1=" " tag="260">
      <subfield code="c">2025-12-19T13:48:11Z</subfield>
   </datafield>
   <datafield ind2=" " ind1=" " tag="260">
      <subfield code="c">2025</subfield>
   </datafield>
   <datafield ind2=" " ind1=" " tag="260">
      <subfield code="c">2025-12-19T13:48:11Z</subfield>
   </datafield>
   <datafield ind2=" " ind1=" " tag="520">
      <subfield code="a">[spa] En este artículo se documenta un cambio de proyecto (1434) en la construcción de los arbotantes de la catedral de Tortosa, que pasan de estar fuertemente ornamentados (sobre las capillas) a mostrar contención decorativa (sobre la girola). A partir de este hecho probado, se propone la posibilidad de que más o menos en el mismo momento se decidiese dejar de ornamentar con vistosas tracerías caladas el espacio entre capillas que forma parte del doble deambulatorio del templo, elementos sin función estructural que solo aparecen en los dos primeros tramos del ábside.</subfield>
   </datafield>
   <datafield ind2=" " ind1=" " tag="520">
      <subfield code="a">[eng] This paper documents a design change that took place around 1434 in the construction of the flying buttresses of the Cathedral of Tortosa, which went from being richly ornamented above the chapels to decoratively restrained above the ambulatory. Starting with the physical evidence, the paper considers the possibility that, around the same time, a decision was taken to stop decorating the space between chapels in the cathedral’s double ambulatory with beautiful open tracery, which has no structural function and is only present in the first two bays of the apse.</subfield>
   </datafield>
   <datafield tag="653" ind2=" " ind1=" ">
      <subfield code="a">Arquitectura gòtica</subfield>
   </datafield>
   <datafield tag="653" ind2=" " ind1=" ">
      <subfield code="a">Arquitectura civil</subfield>
   </datafield>
   <datafield tag="653" ind2=" " ind1=" ">
      <subfield code="a">Decoració i ornamentació arquitectòniques</subfield>
   </datafield>
   <datafield tag="653" ind2=" " ind1=" ">
      <subfield code="a">Catedrals</subfield>
   </datafield>
   <datafield tag="653" ind2=" " ind1=" ">
      <subfield code="a">Tortosa (Catalunya)</subfield>
   </datafield>
   <datafield tag="653" ind2=" " ind1=" ">
      <subfield code="a">Gothic architecture</subfield>
   </datafield>
   <datafield tag="653" ind2=" " ind1=" ">
      <subfield code="a">Public architecture</subfield>
   </datafield>
   <datafield tag="653" ind2=" " ind1=" ">
      <subfield code="a">Architectural decoration and ornament</subfield>
   </datafield>
   <datafield tag="653" ind2=" " ind1=" ">
      <subfield code="a">Cathedrals</subfield>
   </datafield>
   <datafield tag="653" ind2=" " ind1=" ">
      <subfield code="a">Tortosa (Catalonia)</subfield>
   </datafield>
   <datafield ind2="0" ind1="0" tag="245">
      <subfield code="a">Tortosa, 1434: del decorativismo a la contención ornamental. Nota sobre unos arbotantes</subfield>
   </datafield>
   <datafield ind2="0" ind1="0" tag="245">
      <subfield code="a">Tortosa, 1434: From decorative exuberance to restraint. Notes on a group of flying buttresses</subfield>
   </datafield>
</record></metadata></record></GetRecord></OAI-PMH>